[Event "Budapest Spring Festival 2018"]
[Site "Budapest"]
[Date "2018.04.18"]
[Round "1"]
[White "Krzyzanowski, Marcin"]
[Black "Losonczi, Marcell"]
[Result "1-0"]
[WhiteElo "2472"]
[BlackElo "2256"]
[Annotator "TA"]
[PlyCount "71"]
[EventDate "2018.??.??"]
[EventType "swiss"]
[EventCountry "HUN"]
[SourceTitle "playchess.com"]
[Source "ChessBase"]
[SourceQuality "1"]

{[%evp 10,71,10,-14,10,-2,0,-7,-11,-23,6,4,13,-22,-25,-24,-19,-22,0,-21,-15,-15,-22,-25,-14,-20,0,0,0,-27,0,-10,8,0,18,0,0,0,0,0,0,-22,21,27,22,-77,-52,-47,-15,-6,-12,-74,-20,-20,30,52,61,30,49,35,37,32,427,397]} 1. e4 e5 2. Bc4 Nf6 3. d3 Nc6 4. Nc3 Na5 5. Nge2 c6 6. Ng3 {LiveBook: 7 Games. C28: Vienna Game: 2...Nf6 3 Bc4 Nc6} (6. O-O Be7 7. a4 Nxc4 8. dxc4 d6 9. b3 O-O 10. Ng3 h6 11. h3 Be6 12. Qf3 Qa5 13. Rd1 Rfd8 14. Ba3 {½-½ (23) Vavulin,M (2604)-Movsesian,S (2679) Moscow 2017}) 6... b5 7. Bb3 $1 b4 (7... Bc5 {feels hotter.} 8. Nh5 O-O 9. Bg5 Be7 10. Nxf6+ Bxf6 11. Bxf6 Qxf6 12. O-O d6) 8. Nce2 {The position is equal.} d5 9. Bg5 $1 Nxb3 10. axb3 Be7 11. Nf5 $146 ({Predecessor:} 11. Bxf6 Bxf6 12. Nh5 O-O 13. Nxf6+ Qxf6 {½-½ (29) Abergel,T (2474)-Cornette,M (2480) Paris 2006}) 11... Bxf5 $1 12. exf5 O-O 13. Ng3 Re8 14. O-O h6 15. Bxf6 Bxf6 16. Qg4 a5 17. Rfe1 Kh7 18. Re2 Qd6 19. Nh5 Re7 (19... e4 $5) 20. Re3 Ree8 21. h4 Ra7 22. Kh1 Kh8 23. Qg3 c5 24. Rae1 Rae7 25. Qh2 g6 26. fxg6 fxg6 27. Ng3 (27. Nxf6 $11 Qxf6 28. Qg3) 27... h5 (27... e4 $5 28. dxe4 Bxb2 $15) 28. Nf1 {[%cal Bg3f1,Bf1d2,Bd2e4][%mdl 32]} Kh7 29. Nd2 Qd7 30. Qg3 (30. c4 $11) 30... Kg7 (30... Qg4 $17 31. Qxg4 hxg4) 31. c4 $11 d4 32. R3e2 Re6 33. Ne4 Qe7 34. Qh3 Bxh4 35. Ra1 g5 $2 {[%mdl 8192] [#]} ({Black should try} 35... Ra6 $14) 36. g3 {Precision: White = 47%, Black = 33%.} 1-0

[Event "Budapest Spring Festival 2018"]
[Site "Budapest"]
[Date "2018.04.18"]
[Round "1"]
[White "Livaic, Leon"]
[Black "Kyc, Jerzy"]
[Result "1-0"]
[WhiteElo "2468"]
[BlackElo "2242"]
[Annotator "TA"]
[PlyCount "63"]
[EventDate "2018.??.??"]
[EventType "swiss"]
[EventCountry "HUN"]
[SourceTitle "playchess.com"]
[Source "ChessBase"]
[SourceQuality "1"]

{[%evp 24,63,-10,-3,44,8,13,0,2,-21,91,102,100,82,100,114,457,457,450,438,450,410,722,702,652,581,920,1112,5891,561,29985,29986,29990,29987,29987,29988,29988,29987,29987,29985,29985,29986]} 1. d4 Nf6 2. c4 g6 3. Nc3 d5 4. Nf3 Bg7 5. Bg5 Ne4 6. cxd5 Nxg5 7. Nxg5 e6 8. Qd2 exd5 9. Qe3+ Kf8 10. Qf4 Bf6 11. h4 Kg7 12. O-O-O {D91: Grünfeld: 4 Nf3 Bg7 5 Bg5} (12. e3 c6 13. Bd3 h6 14. Nf3 Be6 15. O-O-O Nd7 16. g4 Qb8 17. Rhg1 Be7 18. Qxb8 Raxb8 19. Ne2 Bd6 20. Nf4 Rbe8 21. Rg2 a6 22. Bc2 Nf6 23. Rdg1 Bc8 {½-½ (66) Wojtaszek,R (2744)-Radjabov,T (2734) Beijing 2014}) 12... h6 13. Nf3 {LiveBook: 35 Games} h5 14. e4 $146 {White is slightly better.} ({Find the theoretical novelty and annotate with similar games:} 14. Ne5 Nc6 15. e4 dxe4 16. Bb5 Ne7 17. Bc4 Rf8 18. Nxe4 Nf5 19. Ng5 Bxg5 20. hxg5 f6 21. g4 Nd6 22. gxh5 fxg5 23. Qh2 Qf6 24. hxg6 Qf4+ 25. Qxf4 Rxf4 26. Rh7+ Kf6 27. g7 {1-0 (27) Castro Rojas,O (2369)-Cadena Montoya,G (2076) Charala 2010}) 14... dxe4 15. Ne5 ({Much weaker is} 15. Qxe4 Nc6 $15) 15... Be6 16. Nxe4 Bxa2 {[#]} (16... Nd7 $11) 17. Rh3 $1 $16 {aiming for b3.} Bd5 18. Rf3 $36 {[%mdl 2048] Strongly threatening Bc4. White is really pushing.} Bxe4 19. Qxe4 Bxe5 $4 {[%mdl 8192]} (19... Nc6 $16) 20. dxe5 $18 {[%cal Bd4e5,Be5e6][%mdl 32]} Qe7 21. Bc4 Rf8 {[#]} 22. e6 $1 ({Not} 22. Qxb7 Nd7 $14) 22... c6 (22... a5 $142 23. Qxb7 Qc5) 23. Qd4+ f6 24. g4 {[%cal Bg2g4,Bg4h5][%mdl 32]} b5 25. gxh5 bxc4 26. Qg4 (26. Rg1 $142 Na6 27. Rxg6+ Kh8 28. Rh6+ Qh7 29. Rxh7+ Kxh7 30. e7) 26... g5 27. hxg5 {White mates.} fxg5 28. Rxf8 Kxf8 29. Qf5+ Kg8 30. Qg6+ Kh8 31. Qh6+ Kg8 32. Rg1 {Precision: White = 78%, Black = 27%.} 1-0

[Event "Budapest Spring Festival 2018"]
[Site "Budapest"]
[Date "2018.04.18"]
[Round "1"]
[White "Henderson de La Fuente, Lance"]
[Black "Terbe, Julianna"]
[Result "1-0"]
[WhiteElo "2459"]
[BlackElo "2237"]
[Annotator "TA"]
[PlyCount "77"]
[EventDate "2018.??.??"]
[EventType "swiss"]
[EventCountry "HUN"]
[SourceTitle "playchess.com"]
[Source "ChessBase"]
[SourceQuality "1"]

{[%evp 18,77,-15,-7,8,-1,0,7,0,5,14,0,0,0,0,0,15,0,11,9,16,14,24,17,39,34,37,20,88,81,94,74,236,230,260,145,333,331,334,311,386,242,233,218,306,297,271,187,224,228,290,206,693,684,686,676,676,676,29989,29990,29992,29993]} 1. e4 c5 2. Nf3 Nc6 3. b3 e5 4. Bb2 d6 5. Bc4 Be7 6. Nc3 Nf6 7. h3 O-O 8. O-O a6 {B50: Sicilian: 2...d6, Miscellaneous} 9. a4 Rb8 (9... h6 10. d3 Be6 11. Nd2 Nd4 12. f4 exf4 13. Rxf4 Nd7 14. Bxe6 fxe6 15. Rxf8+ Qxf8 16. Ne2 {½-½ (29) Palit,S (2365)-Aravindh,C (2543) Noida 2016}) 10. Re1 $1 {LiveBook: 4 Games} Nd4 {The position is equal.} 11. Nxd4 $146 ({Predecessor:} 11. Nd5 Nxd5 12. Bxd5 Be6 13. Nxd4 exd4 {½-½ (28) Jiang,L (2348)-Shvartsman,A (2209) New York 2011}) 11... cxd4 12. Nd5 Nxd5 13. Bxd5 Be6 14. c3 Bxd5 15. exd5 dxc3 16. dxc3 {[%cal Bd2c3,Bc3c4][%mdl 32]} f5 17. c4 Rc8 18. Rc1 Qb6 19. Ba3 Bg5 20. Rc3 Bf6 21. c5 $36 {[%mdl 2048] White is more active.} dxc5 22. d6 {[%cal Bd5d6,Bd6d7][%mdl 32] And now Qd5+ would win.} Rfd8 (22... Rf7 $1 $11) 23. Qd5+ $16 Kh8 24. Rd1 {[%cal Rc3c5]} Rc6 $2 {[#]} (24... Qc6 $16 {was called for.}) 25. d7 $1 $18 ({Don't take} 25. Bxc5 $6 Qa5 $16) 25... c4 26. bxc4 {a5 is the strong threat.} h6 $2 (26... Rc7 $16) 27. a5 Qc7 28. Rc2 Kh7 29. Bb2 Rc5 30. Qe6 Qxa5 (30... Qc6 $142 31. Qxf5+ g6) 31. Qxf5+ Kh8 32. Bc1 Rc6 33. Be3 b6 34. Qf3 Rc7 $2 {[#]} (34... Qa4 35. Ra2 Qxc4) 35. Rcd2 Rxc4 36. Rd6 e4 37. Qg4 Rb4 38. Rxf6 gxf6 39. Bxh6 {Precision: White = 79%, Black = 20%.} 1-0

[Event "Budapest Spring Festival 2018"]
[Site "Budapest"]
[Date "2018.04.18"]
[Round "1"]
[White "Molchanov, Oleksii"]
[Black "Onischuk, Vladimir"]
[Result "0-1"]
[WhiteElo "2357"]
[BlackElo "2630"]
[Annotator "TA"]
[PlyCount "60"]
[EventDate "2018.??.??"]
[EventType "swiss"]
[EventCountry "HUN"]
[SourceTitle "playchess.com"]
[Source "ChessBase"]
[SourceQuality "1"]

{[%evp 17,60,0,12,0,0,0,0,0,8,6,9,13,37,-56,-4,-31,-27,-94,-96,-148,-141,-143,-148,-152,-164,-159,-143,-144,-140,-141,-157,-137,-154,-197,-189,-393,-392,-391,-391,-696,-687,-687,-674,-648,-639]} 1. c4 d6 2. Nc3 g6 3. g3 Bg7 4. Bg2 Nf6 5. e3 O-O 6. Nge2 e5 7. O-O Re8 8. d3 a5 {A24: English Opening vs King's Indian: Lines without ...Nc6} 9. b3 c6 {LiveBook: 3 Games} (9... h5 10. h3 Nbd7 11. Bb2 Nf8 12. Qd2 c6 13. e4 Ne6 14. Rad1 h4 15. g4 {1-0 (73) Rakhmanov,A (2667)-Naiditsch,A (2687) Tallinn 2016}) 10. Ba3 Na6 {The position is equal.} 11. Ne4 $146 ({Predecessor:} 11. Qd2 Nc5 12. Rad1 Qc7 13. e4 Ne6 14. h3 Rb8 15. Bb2 b5 16. cxb5 cxb5 {0-1 (36) Eliet,N (2402)-Relange,E (2466) Saint-Quentin 2014}) 11... Nxe4 12. dxe4 b5 13. Bxd6 ({Don't play} 13. Qxd6 b4 $17) 13... bxc4 14. bxc4 c5 15. Rb1 (15. Nc3 $14) 15... Be6 ({Black should play} 15... Re6 $1 $15 16. Bxe5 (16. Qd5 Ra7 $17) 16... Qxd1 17. Rfxd1 Bxe5) 16. f4 Bxc4 17. Rf2 (17. fxe5 $1 $11 {remains equal.} Bxe5 18. Bxe5 Rxe5 19. Rb2) 17... Bxa2 18. Rc1 (18. Rb2 $142 Nb4 19. Rd2) 18... c4 {...Bb3 is the strong threat.} 19. fxe5 Bxe5 20. Bxe5 {[#] Black must now prevent Bd4.} Qxd1+ ({Of course not} 20... Rxe5 $6 21. Qd4 $11) 21. Rxd1 Rxe5 22. Rd7 Rf8 23. Ra7 Nb4 24. Nc3 Bb3 25. Rf6 Rc5 26. Bh3 $2 {[#]} (26. Rf2 {was necessary.}) 26... Na2 $1 $19 {[%cal Ra2c3]} 27. Nxa2 Bxa2 28. Rfa6 $2 (28. Rf2 c3 29. Rxa2) 28... c3 {[%cal Bc4c3,Bc3c2][%mdl 32] Hoping for ...c2.Black is clearly winning.} 29. Rxa5 Rxa5 30. Rxa5 c2 {Precision: White = 41%, Black = 78%.} 0-1

[Event "Budapest Spring Festival 2018"]
[Site "Budapest"]
[Date "2018.04.18"]
[Round "1"]
[White "Rudolf, Michal"]
[Black "Gupta, Abhijeet"]
[Result "1-0"]
[WhiteElo "2349"]
[BlackElo "2617"]
[Annotator "TA"]
[PlyCount "111"]
[EventDate "2018.??.??"]
[EventType "swiss"]
[EventCountry "HUN"]
[SourceTitle "playchess.com"]
[Source "ChessBase"]
[SourceQuality "1"]

{[%evp 23,111,29,23,18,18,9,10,10,22,13,12,-20,-17,-47,-43,-65,-66,-63,-55,-72,-60,-65,-66,-117,-120,-109,-113,-104,-141,-126,-116,-108,0,0,7,-31,-31,-70,-70,-56,-45,-66,-68,-108,-67,-134,-102,-123,-107,-131,-98,-107,-104,-242,-231,-235,-142,-171,-122,-139,-73,-95,-94,-106,656,658,658,658,628,627,658,658,658,629,620,562,719,710,709,708,706,672,1401,1372,1342,1343,1304,1315,1140,1099]} 1. d4 Nf6 2. Bf4 g6 3. e3 Bg7 4. Nf3 O-O 5. h3 d6 6. Be2 c5 7. Nbd2 b6 8. O-O Bb7 9. c3 Nbd7 10. a4 a6 11. Qb3 Ra7 {A48: 1 d4 Nf6 2 Nf3 g6: Torre, London and Colle Systems} (11... Qc7 12. Bh2 Bc6 13. c4 Ne4 14. d5 Nxd2 15. Nxd2 Bb7 16. e4 e6 17. Qc2 Rae8 18. Rfe1 Bc8 19. Nf3 e5 20. a5 {1-0 (71) Nguyen,N (2629)-Flores,D (2579) Doha 2016}) 12. Rfd1 Qa8 {LiveBook: 5 Games} 13. Bc4 Bc6 $146 {The position is equal.} ({Predecessor:} 13... h6 14. Bh2 Bd5 15. Bxd5 Qxd5 16. Qxd5 Nxd5 17. e4 Nc7 18. Nc4 Rb7 19. Rd2 cxd4 20. Nxd4 {0-1 (89) Klimentov,E (2301)-Shirshov,N (2023) St Petersburg 2017}) 14. Ng5 {[%cal Rc4f7]} Bd5 15. Bxd5 Nxd5 16. Bg3 N5f6 17. Nc4 Qd5 18. h4 cxd4 19. Rxd4 Qc6 20. Rdd1 h6 $36 {[%mdl 2048] Black has the initiative.} 21. Nf3 Nc5 22. Qxb6 Qa8 $1 {...Rb8 is the strong threat.} 23. Nd4 (23. Qb4 $1 $15) 23... Rb7 $17 24. Qc6 Rc8 25. Qf3 Nce4 $1 26. Qe2 Nxg3 27. fxg3 {[#]} Qb8 ({Black should play} 27... d5 $1 $17 28. Ne5 Ne4) 28. a5 $1 $11 Nd7 29. Nf3 Qc7 30. Nb6 Nxb6 31. axb6 Qxb6 32. Rd2 a5 33. Kf2 Rc5 34. Nd4 ({Better is} 34. g4 $15) 34... Qc7 35. Ra4 Qb8 36. Ra2 Rb6 37. Kg1 d5 38. Qg4 (38. Qf2 $17) 38... h5 $19 39. Qd7 Rd6 40. Qa4 Rf6 41. Ne2 e5 (41... Re6 $142 {And now ...Bh6 would win.} 42. Qf4 Rd6) 42. b4 Rb5 {[%cal Ra5b4]} 43. bxa5 Rxa5 $2 {[%mdl 8192] [#]} (43... Bh6 $17 44. Kh2 Bxe3) 44. Rdb2 $1 $18 {[%cal Rb2b8] White is clearly winning.} (44. Qxa5 Qb1+ 45. Kh2 Rf1 $19) 44... Qxb2 45. Qe8+ Kh7 46. Rxb2 Ra1+ 47. Kh2 Rf2 48. Qb5 Rd1 49. Qb3 Rff1 {[%csl Gd1][%cal Rf1h1] [#]} 50. g4 $1 Rh1+ (50... hxg4 51. Ng3) 51. Kg3 hxg4 52. Kxg4 Bf6 53. Ng3 Rxh4+ 54. Kf3 Rd3 55. Ke2 e4 {[#]} 56. Nxe4 $1 {Precision: White = 38%, Black = 50%.} 1-0

[Event "Budapest Spring Festival 2018"]
[Site "Budapest"]
[Date "2018.04.18"]
[Round "1"]
[White "Polyik, Peter"]
[Black "Papp, Gabor"]
[Result "1/2-1/2"]
[WhiteElo "2345"]
[BlackElo "2614"]
[Annotator "TA"]
[PlyCount "173"]
[EventDate "2018.??.??"]
[EventType "swiss"]
[EventCountry "HUN"]
[SourceTitle "playchess.com"]
[Source "ChessBase"]
[SourceQuality "1"]

{[%evp 24,173,77,64,64,64,77,71,67,46,52,25,45,20,39,55,63,8,64,65,86,81,81,43,77,44,100,99,104,105,94,94,178,183,228,195,195,208,202,202,186,174,185,164,179,151,137,137,235,233,225,207,322,313,331,312,387,390,377,355,376,263,239,195,225,261,245,188,178,196,184,202,376,365,485,455,373,8,8,0,0,0,0,0,0,0,0,0,0,0,0,-8,-8,-8,0,0,0,0,0,-116,-22,-26,-26,-26,-30,-161,0,0,0,0,0,0,0,0,0,0,0,0,0,0,0,0,0,0,0,0,0,0,0,0,0,0,0,0,0,0,0,0,0,0,0,0,0,0,0,0,0,0,0,0,0,0]} 1. d4 Nf6 2. c4 c5 3. d5 e6 4. Nc3 exd5 5. cxd5 g6 6. e4 d6 7. h3 Bg7 8. Nf3 O-O 9. Bd3 a6 10. a4 Nbd7 11. O-O Rb8 12. Bf4 {A70: Modern Benoni: 6 e4 g6 7 Nf3} (12. Re1 Nh5 13. Bg5 Bf6 14. Be3 Bg7 15. Qd2 Qc7 16. Bc4 Qd8 17. Rad1 Qa5 18. g4 Nhf6 19. Bf4 Ne8 {½-½ (55) Lauber,A (2441)-Gruenberg,H (2377) Germany 2015}) 12... Ne8 13. Re1 {LiveBook: 4 Games} Ne5 14. Nxe5 {White is slightly better.} Bxe5 15. Bxe5 $146 ({Find the theoretical novelty and annotate with similar games:} 15. Qd2 Bd7 16. Bh6 Ng7 17. f4 Bd4+ 18. Kh2 Re8 19. Ne2 {0-1 (51) Rubel,J (2179)-Roosen,H (2212) Germany 2008}) 15... dxe5 16. a5 Nd6 17. Qd2 Bd7 18. Na4 Bxa4 19. Rxa4 Qd7 20. Raa1 ({Better is} 20. b3 $14) 20... Rbc8 (20... c4 $11 21. Bf1 Qb5) 21. b3 $1 $36 {[%mdl 2048] White is more active.} f6 22. Qe3 Rc7 23. Rec1 Rfc8 24. Rc2 Nf7 (24... f5 $14) 25. Rac1 $16 Qd6 26. h4 Kg7 27. g3 Nh6 (27... b5 $16 {might work better.}) 28. Bf1 $18 Ng4 29. Qe2 h5 30. f3 Nh6 31. Bh3 f5 32. Qe3 Kh7 33. Kh1 Qe7 34. Qd3 {[%cal Re4f5]} Qf6 35. b4 {[%cal Rc2c5]} fxe4 (35... c4 $16 36. Rxc4 Rxc4 37. Rxc4 fxe4 38. Rxe4 (38. fxe4 Rxc4 39. Qxc4 Qf3+ 40. Kh2 Qf2+ 41. Kh1 Qxg3 $11) 38... Nf5) 36. fxe4 c4 37. Qe2 (37. Rxc4 Rxc4 38. Rxc4 Rxc4 $11) 37... Ng4 (37... Re8 {was necessary.} 38. Rf1 (38. Rxc4 Rxc4 39. Rxc4 Nf7 $18) 38... Qe7 39. Rxc4 Rxc4 40. Qxc4 Nf7) 38. Bxg4 (38. Rxc4 $2 Rxc4 39. Rxc4 Rxc4 $19) 38... hxg4 39. Qxg4 ({Worse is} 39. Rxc4 Rxc4 40. Rxc4 Rxc4 $11) 39... c3 40. Kg2 Rf8 41. Qe2 Rfc8 42. h5 Qg5 43. Rh1 Rg7 44. hxg6+ Kxg6 45. Rh4 {Black must now prevent Rg4.} Kf7 46. Qh5+ Qxh5 47. Rxh5 {[%mdl 4096] Endgame KRR-KRR} Kg6 $2 (47... Ke7 {was called for.} 48. Rxe5+ Kd7) 48. Rxe5 Rgc7 49. d6 Rc4 50. Rc5 $2 (50. Re6+ $18 Kf7 51. Re7+ Kg6 52. Rxb7) 50... R8xc5 $11 51. bxc5 {KR-KR} Kf6 52. Kf3 Rxc5 53. d7 Ke7 54. Ke3 Kxd7 55. Kd4 Rxa5 56. Rxc3 Ra1 57. e5 Ke6 58. Rc7 Ra4+ 59. Kc3 b5 60. Rc5 $1 Kf5 61. Kb3 {[#]} (61. Kd3 $1 $11 {remains equal.}) 61... Rg4 ({Black should try} 61... Re4 $1 $17 {And now ...Re3+ would win.} 62. e6+ Kf6) 62. e6+ $1 Kf6 63. Rc6 $1 a5 64. Rc5 {[#]} (64. Kb2 $11) 64... Rb4+ $2 ({And not} 64... Kxe6 65. Rxb5 Rxg3+ 66. Ka4 $11) (64... Rxg3+ 65. Kb2 $11) (64... a4+ $1 $19 65. Ka2 b4) 65. Ka3 {The position is equal.} Kxe6 {[#]} 66. g4 $1 {[%mdl 512]} Kd6 (66... Rxg4 67. Rxb5) 67. Rf5 Kc6 68. Rf6+ Kd5 69. Rf5+ $1 Ke4 70. Rc5 Kd4 71. Rf5 Kc4 {Threatens to win with ...Rb3+.} 72. Rf4+ Kc3 73. Rf3+ Kc2 {[%csl Gb5][%cal Rb4a4]} 74. Rf2+ Kc1 75. Rf1+ Kd2 (75... Kc2 $5 76. Rf2+ $8 Kd3 77. Rf3+ Ke4 $11) 76. Rf2+ Ke3 77. Rf5 Ke4 78. Rc5 Rb1 79. Ka2 Kd4 80. Rf5 Rb4 81. Rf4+ (81. g5 {NOTEXT} Kd3 82. Rc5 a4 83. g6 Rg4 84. Ka3) 81... Kc3 82. Rxb4 axb4 (82... Kxb4 $2 {perishes.} 83. g5 $18) 83. Kb1 $1 {aiming for g5.} Kd4 84. Kb2 Ke4 85. Kb3 Kf4 86. Kxb4 Kxg4 87. Kxb5 {Precision: White = 62%, Black = 46%.} 1/2-1/2

[Event "Budapest Spring Festival 2018"]
[Site "Budapest"]
[Date "2018.04.18"]
[Round "1"]
[White "Apaydin, Fethi"]
[Black "Zhigalko, Sergei"]
[Result "0-1"]
[WhiteElo "2337"]
[BlackElo "2608"]
[Annotator "TA"]
[PlyCount "73"]
[EventDate "2018.??.??"]
[EventType "swiss"]
[EventCountry "HUN"]
[SourceTitle "playchess.com"]
[Source "ChessBase"]
[SourceQuality "1"]

{[%evp 21,73,-5,-14,-10,0,-36,-27,-52,-34,-53,-35,-27,-28,-19,-27,-46,0,-225,-229,-230,-232,-241,-220,-213,-95,-95,-81,-82,-54,-191,-186,-197,-98,-268,-200,-384,-256,-437,-431,-368,-397,-504,-490,-620,-610,-1750,-1724,-2818,-2150,-6444,-6019,-29988,-29989,-29996]} 1. e4 c5 2. Nc3 Nc6 3. g3 g6 4. Bg2 Bg7 5. d3 Rb8 6. f4 d6 7. Nf3 Nf6 8. O-O O-O 9. h3 b5 10. g4 b4 11. Ne2 Nd7 {LiveBook: 22 Games. B25: Closed Sicilian: 3 g3, lines without early Be3} (11... a5 12. f5 c4 13. Be3 Ba6 14. Qd2 Ne5 15. Nxe5 dxe5 16. dxc4 Bxc4 17. Qxd8 Rfxd8 18. Rf2 Ne8 19. Ng3 Nd6 {½-½ (78) Amin,B (2663)-Can,E (2578) Dubai 2017}) 12. Rb1 Qa5 13. Be3 Qxa2 {Black is slightly better.} 14. Qc1 $146 ({Predecessor:} 14. Qe1 e5 15. f5 Nd4 16. Bxd4 cxd4 17. Qh4 f6 18. g5 {0-1 (47) Welz,T (2197)-Gregoir,C (2281) Gent 2012}) 14... Bb7 15. g5 f5 16. gxf6 exf6 17. b3 f5 18. Ng5 Nd8 {...h6 is the strong threat.} 19. e5 $2 (19. Ng3 $11 {and White stays safe.}) 19... Qa6 $1 $19 20. Ra1 Qb6 21. Bxb7 Qxb7 22. d4 dxe5 (22... cxd4 $1 $19 23. Bxd4 Nc6) 23. dxe5 $17 h6 24. Nf3 Ne6 25. Kf2 ({Better is} 25. Qe1 $1 $15) 25... g5 $19 26. Rg1 Kh8 (26... Rbd8 $19 {and Black stays clearly on top.} 27. Ra2 a6) 27. Qd1 $2 {[#]} (27. c4 $17) 27... Rbd8 $1 {Threatens to win with ...Nxe5.} 28. Qf1 $2 (28. Qc1 {keeps fighting.}) 28... Qe4 $1 {[%csl LRc2,LRf4][%cal Rg5f4]} 29. Qg2 $2 (29. Ng3 Qxc2+ 30. Qe2 Qxb3 31. Nh5) 29... Qxc2 ({Weaker is} 29... gxf4 {[#]} 30. Nxf4 $1 {[%mdl 512]} Qxc2+ 31. Kf1 $15) 30. Rxa7 Rg8 31. Rc1 Qxb3 32. Nd2 Qd3 {Hoping for ...gxf4.} 33. Qc6 gxf4 34. Nxf4 Nxf4 35. Bxf4 Nxe5 36. Qb7 Qxh3 37. Be3 {Precision: White = 25%, Black = 63%.} 0-1

[Event "Budapest Spring Festival 2018"]
[Site "Budapest"]
[Date "2018.04.18"]
[Round "1"]
[White "Sarkar, Justin"]
[Black "Bernadskiy, Vitaliy"]
[Result "0-1"]
[WhiteElo "2326"]
[BlackElo "2584"]
[Annotator "TA"]
[PlyCount "52"]
[EventDate "2018.??.??"]
[EventType "swiss"]
[EventCountry "HUN"]
[SourceTitle "playchess.com"]
[Source "ChessBase"]
[SourceQuality "1"]

{[%evp 16,52,28,36,26,16,19,24,10,25,22,20,41,5,33,0,8,-9,0,-13,-12,-34,0,0,0,-10,-11,-14,5,0,0,0,15,-163,-138,-160,-150,-29995,-29996]} 1. d4 Nf6 2. c4 g6 3. Nc3 Bg7 4. e4 O-O 5. f4 d6 6. Nf3 Bg4 7. h3 Bxf3 8. Qxf3 Nc6 {E76: King's Indian: Four Pawns Attack: Lines specific to 6 Nf3 move-order} 9. Be3 {LiveBook: 3 Games} e5 $1 {[%cal Re5d4]} 10. dxe5 (10. fxe5 dxe5 11. d5 Nd4 12. Qf2 c6 13. Bd3 cxd5 14. cxd5 Ne8 15. O-O Nd6 16. Rad1 {1-0 (69) Aghayev,N (2401)-Nugumanov,B (2287) Baku 2014}) 10... dxe5 {The position is equal.} 11. f5 Nd4 12. Qf2 $1 c6 13. g4 $146 ({Predecessor:} 13. O-O-O Nd7 14. g4 b5 15. cxb5 cxb5 16. Kb1 {0-1 (70) Gamarra Caceres,C (2215)-Elters,A (2225) Buenos Aires 1991}) 13... Qb6 14. Bd3 Nd7 15. O-O Nc5 16. Rfd1 Qd8 17. Kg2 Bf6 18. b4 Nd7 19. Ne2 {[%cal Re2d4]} Qe7 20. Nxd4 (20. Rab1 {seems wilder.} Bh4 21. Qf1 Bf6 22. Qf2) 20... exd4 21. Bxd4 Rad8 22. Bxf6 Nxf6 23. Qxa7 gxf5 24. gxf5 $2 {[#]} (24. Qe3 $11 {and White is okay.}) 24... Kh8 $1 $19 25. Qc5 Rg8+ {[%mdl 1024] Black has strong compensation.} 26. Kh1 $2 {[#]} (26. Kf1 $17 Qc7 27. e5) 26... Rxd3 $1 {[%mdl 512] Precision: White = 31%, Black = 66%.} 0-1